000 00766nam a2200217 a 4500
003 0
005 20250207101602.0
008 130829s19uu xx 00 eng d
050 _aPGS QA 76.9.A25
_b.F925 2013
100 _aFroehlich, Michael Angelo.
245 _aComputer security practices of S.I.S.C grade 6 student /
_cMichael Angelo Froehlich.
260 _aLas PiƱas City, Philippines :
_bSouthville International School and Colleges,
_c2013.
300 _a55 pages :
_billustration ;
_c28 cm.
504 _aIncludes bibliographical references.
650 _aComputer security.
650 _aCybersecurity awareness.
650 _aComputers
_vSecurity measures.
650 _aInternet safety.
650 _aStudents
_vComputer use.
942 _2lcc
_cPASS
999 _c99010
_d99010